في الأدوات النحوية / (رقم التسجيلة. 5568)

تفاصيل مارك
000 -الفاتح
عناصر البيانات ثابتة الطول 00667cam a2200193 i 4500
005 - تاريخ ووقت آخر معاملة
حقل ضبط 20260420134101.0
008 - عناصر البيانات ثابتة الطول
عناصر البيانات ثابتة الطول 250721s2001 jo gr 000 0 ara d
082 14 - رقم تصنيف ديوي العشري
رقم التصنيف 415
رقم المادة ف ل ي
100 1# - مدخل رئيسي – اسم شخصي
الاسم الشخصي فليح، أحمد
علاقة الشخص بالعمل/ دوره مؤلف.
245 10 - بيان العنوان
العنوان في الأدوات النحوية /
بيان المسؤولية الدكتور احمد فليح.
250 ## - بيان الطبعة
بيان الطبعة الطبعة الاولى.
264 31 - بيانات النشر، التوزيع…إلخ
مكان النشر، التوزيع...إلخ إربد :
اسم الناشر، الموزع...إلخ المركز القومي للنشر،
تاريخ النشر، التوزيع...إلخ 2001.
300 ## - الوصف المادي
عدد الوحدات المكونة للوعاء 191صفحة.
490 0# - بيان السلسلة
عنوان السلسلة سلسلة دراسات النحوية ؛
رقم الوعاء في السلسلة الرقم 2.
650 17 - مدخل إضافي بالموضوع - مصطلح موضوعي
مصطلح موضوعي أو اسم جغرافي كعنصر مدخل اللغة العربية.
650 17 - مدخل إضافي بالموضوع - مصطلح موضوعي
مصطلح موضوعي أو اسم جغرافي كعنصر مدخل قواعد اللغة.
942 ## - بيانات إضافية (كوها)
نوع التنصيف Dewey Decimal Classification
نوع المادة (كوها) كتب
المقتنيات
حالة السحب حالة الفقدان مصدر التصنيف حالة التلف غير قابل للإعارة المكتبة الرئيسية المكتبة الحالية موقع الرف تاريخ التزويد الرقم المتسلسل Total Checkouts رقم الإستدعاء الباركود تاريخ آخر ظهور تاريخ الفاتورة نوع المادة (كوها) العملة
    Dewey Decimal Classification     المكتبة المركزية المكتبة المركزية الإعارة 20/04/2026 467932   415 / ف ل ي 467932 20/04/2026 20/04/2026 كتب JOD
    Dewey Decimal Classification     مكتبة الحسن العامة مكتبة الحسن العامة الإعارة 25/09/2018 429143   415/فلي PLD00433761 28/07/2025 25/09/2018 كتب  
    Dewey Decimal Classification     مكتبة وادي السير العامة مكتبة وادي السير العامة الإعارة 30/06/1980 429148...   415/فلي PLD00372222 28/07/2025 30/06/1980 كتب  
Implemented & Customized by: BBB with SCIT (Smart Chains for Information Technology)

Powered by Koha